The biggest producers - Statistics

General Stats
  • This quiz has been taken 58 times
    57 since last reset
  • The average score is 74 of 110
Answer Stats
Country % Correct
Crude Oil
89%
United States
86%
China
82%
Russia
82%
Brazil
80%
India
80%
Canada
77%
Coffee
77%
Indonesia
77%
Mexico
77%
Argentina
75%
Saudi Arabia
75%
Australia
73%
France
73%
Chile
70%
Pakistan
70%
United Arab Emirates
70%
Colombia
68%
Peru
68%
Germany
66%
Turkey
66%
Vietnam
66%
Wheat
66%
Gold
64%
South Africa
64%
Iran
61%
Natural Gas
59%
Ukraine
59%
Iraq
57%
Norway
57%
Qatar
57%
Thailand
57%
Corn
55%
Democratic Republic of the Congo
55%
Ethiopia
52%
Silver
52%
Kuwait
50%
Poland
50%
Copper
43%
Kazakhstan
43%
Algeria
41%
Bolivia
41%
Sugar
41%
Cotton
32%
Ghana
25%
Guatemala
25%
Romania
25%
Uganda
25%
Honduras
14%
Uzbekistan
14%
Mali
11%
Zambia
11%
No matching quizzes found
Score Distribution
Percent of People with Each Score
Percentile by Number Answered
Your Score History
You have not taken this quiz since the last reset